000 00492nam a2200169Ia 4500
008 230718s9999 xx 000 0 und d
020 _a9780007490547
041 _aeng
082 _a248.4
_bCHR
100 _aChristensen C.M.
_9113425
245 _aHow Will You Measure Your Life
260 _c2012
_bHarper Collins
300 _a221
365 _cRs.
_b399.00
700 _aChristensen C.M.; Allworth J. & Dillon K.
_9194497
906 _dO:0333919-Mar-2013B:284308-Mar-2013
_cGENRL
_b87.78
999 _c332225
_d332225